000 00666cam a22002291 4500
001 gs 48000260
003 DLC
005 20260227111354.0
008 850927s1947 pe abf b f000 0 spa c
010 _ags 48000260
035 _a(OCoLC)12608864
040 _aU. S. Geol. Survey. Libr.
_cTxHR
_dDLC
042 _apremarc
050 0 0 _aQE247
_b.H4
100 1 _aHeim, Arnold,
_d1882-1965.
245 1 0 _aInvestigaciones geológicas en el Perú.
260 _aLima,
_c1947.
300 _a34 p.
_billus., plates, fold. col. map.
_c25 cm.
410 2 0 _aInstituto Geológico del Perú.
_tBoletín
_v8
504 _a"Bibliografía": p. 30.
650 0 _aGeology
_zPeru.
999 _c28287
_d28287